Ekonomika pridala vďaka investíciám podnikov a spotrebe domácností
Rast slovenského hospodárstva v prvom štvrťroku 2001. Spevňovanie základov - prebudený domáci dopyt, rast investícií, zvýšená tvorba hrubého fixného kapitálu vo finančných inštitúciách, priaznivý rast konečnej spotreby verejnej správy.
Enregistré dans:
| Auteur principal: | |
|---|---|
| Format: | Chapitre de livre |
| Langue: | slovaque |
| Sujets: | |
| Tags: |
Pas de tags, Soyez le premier à ajouter un tag!
|
MARC
| LEADER | 00000naa a2200000 4500 | ||
|---|---|---|---|
| 001 | r042135 | ||
| 005 | 20230921111619.0 | ||
| 041 | 0 | |a slo | |
| 044 | |a SK | ||
| 245 | 1 | 0 | |a Ekonomika pridala vďaka investíciám podnikov a spotrebe domácností |c Rado Baťo |
| 520 | |a Rast slovenského hospodárstva v prvom štvrťroku 2001. Spevňovanie základov - prebudený domáci dopyt, rast investícií, zvýšená tvorba hrubého fixného kapitálu vo finančných inštitúciách, priaznivý rast konečnej spotreby verejnej správy. | ||
| 610 | 2 | 0 | |a hospodárstvo domáce |
| 610 | 2 | 0 | |a rast hospodársky |
| 610 | 2 | 0 | |a dopyt domáci |
| 610 | 2 | 0 | |a investície |
| 610 | 2 | 0 | |a Slovensko |
| 100 | 1 | |a Baťo, Rado | |